NURSING RESEARCH STATISTICS (Record no. 6847)

MARC details
000 -LEADER
fixed length control field 00345nam a2200145Ia 4500
008 - FIXED-LENGTH DATA ELEMENTS--GENERAL INFORMATION
fixed length control field 150301s2014 xx 000 0 und d
082 ## - DEWEY DECIMAL CLASSIFICATION NUMBER
Classification number 610.72
Item number N14S
100 ## - MAIN ENTRY--PERSONAL NAME
Personal name SHARMA, SURESH K.
245 ## - TITLE STATEMENT
Title NURSING RESEARCH STATISTICS
250 ## - EDITION STATEMENT
Edition statement 2ND
260 ## - PUBLICATION, DISTRIBUTION, ETC. (IMPRINT)
Name of publisher, distributor, etc. ELSEVER
Date of publication, distribution, etc. 2014
300 ## - PHYSICAL DESCRIPTION
Extent 517
650 ## - SUBJECT ADDED ENTRY--TOPICAL TERM
Topical term or geographic name as entry element NURSING RESEARCH
942 ## - ADDED ENTRY ELEMENTS (KOHA)
Source of classification or shelving scheme Dewey Decimal Classification
Koha item type Books
Koha issues (borrowed), all copies 115
Holdings
Withdrawn status Lost status Source of classification or shelving scheme Damaged status Not for loan Collection code Home library Current library Shelving location Date acquired Source of acquisition Cost, normal purchase price SGTU Bill Number Total Checkouts Full call number Barcode Date last seen Date last checked out Bill Date Koha item type Total Renewals Checked out
    Dewey Decimal Classification     NURSING SGT Medical Library SGT Medical Library Text Book 02/07/2015 ABC DELHI 475.00 SGTU 5533 62 610.72 N14S FN2897 03/12/2024 25/11/2024 25/03/2015 Books    
    Dewey Decimal Classification     NURSING SGT Medical Library SGT Medical Library Text Book 02/07/2015 ABC DELHI 475.00 SGTU 5533 87 610.72 N14S FN2898 21/05/2026 07/05/2026 25/03/2015 Books    
    Dewey Decimal Classification     NURSING SGT Medical Library SGT Medical Library Text Book 02/07/2015 ABC DELHI 475.00 SGTU 5533 73 610.72 N14S FN2899 28/08/2025 28/08/2025 25/03/2015 Books 1  
    Dewey Decimal Classification     NURSING SGT Medical Library SGT Medical Library Text Book 02/07/2015 ABC DELHI 475.00 SGTU 5533 13 610.72 N14S FN2900 01/06/2026 01/06/2026 25/03/2015 Books 3 01/07/2026